000 01735nam0a2200373 i 4500
001 RU\NLR\BIBL_A\011326952
005 20260406102207.0
010 _a9785171008307
_912500
021 _aRU
_b2017-20815
_91540
021 _aRU
_b2017-3628
_9260
035 _a(RuMoRGB)008773289
035 _a(NLR Aleph) 011326952
090 _a11113354
_c11113354
100 _a20170215d2017 u y0rusy50 ca
101 0 _arus
102 _aRU
105 _aa|||z|||000yy
200 1 _aВозвращение в жизнь
_eломая стереотипы
_fСергей Сергеевич Коновалов
210 _aМосква
_cПрайм
_cАСТ
_d2017
215 _a369, [1] с., [12] л. цв. ил.
_cил.
_d22
225 1 _aИнформационная медицина
300 _aНа 4-й с. обл. авт.: д-р Коновалов С.С., д.м.н., проф., д.чл. Междунар. акад. наук безопасности человека и природы
320 _aБиблиогр. в подстроч. примеч.
320 _aДр. произведения авт.: с. 322-346 (150 назв.)
333 _a12+
606 _aПожилые и старые люди
_xЗдоровье
_91186117
_3RU\NLR\AUTH\66478035
606 1 _aСтарение
_xПрофилактика
_xПрименение методов нетрадиционной медицины
_92317580
_3RU\NLR\AUTH\6601611828
686 1 _aР120.492
686 1 _aР358.9
700 1 _7ca
_8rus
_aКоновалов
_bС. С.
_cд-р мед. наук
_f1954-
_gСергей Сергеевич
_966160
_3RU\NLR\AUTH\7783232
942 _cBOOK
980 _aNBR